| 000 | 00966nam a2200241 a 4500 | ||
|---|---|---|---|
| 001 | BRCA_732 | ||
| 005 | 20190320203126.0 | ||
| 008 | 841016s1983 mx-a---##b---s000-0#spa-# | ||
| 020 | _a9688160768 | ||
| 020 | _a9688160059 | ||
| 040 |
_aDLC _cDLC _dDLC |
||
| 050 | 4 |
_aF1386 _b.D57 1 _c1987 |
|
| 100 | 1 |
_aGonzález-Polo, Ignacio _92413 |
|
| 245 | 1 | 0 |
_aEl palacio de los condes de Santiago de Calimaya _b(Museo de la Ciudad de México) _cpor Ignacio González-Polo. |
| 260 |
_aMéxico _bDepartamento del Distrito Federal : Secretaría General de Desarrollo Social : Comité Interno de Ediciones Gubernamentales _c1987 |
||
| 300 |
_a147 p. _bil. _c21 cm. |
||
| 440 | 0 |
_aColección Distrito Federal _v1 _92414 |
|
| 504 | _aBibliografía: p. 139-144 | ||
| 610 | 2 | 4 |
_aPalacio de los Condes de Santiago de Calimaya _zCiudad de México _92415 |
| 650 | 1 | 4 |
_aArquitectura colonial _zMéxico _91940 |
| 651 | 4 |
_aCiudad de México _xEdificios, estructuras, etc. _91264 |
|
| 942 |
_2lcc _cB |
||
| 999 |
_c632 _d632 |
||